Art of editing. / (Record no. 3020)
[ view plain ]
| 000 -LEADER | |
|---|---|
| fixed length control field | 00710nam a22001577a 4500 |
| 008 - FIXED-LENGTH DATA ELEMENTS--GENERAL INFORMATION | |
| fixed length control field | 140619b xxu||||| |||| 00| 0 eng d |
| 020 ## - INTERNATIONAL STANDARD BOOK NUMBER | |
| International Standard Book Number | 9788189239602 |
| 050 ## - LIBRARY OF CONGRESS CALL NUMBER | |
| Classification number | PN4778.M3 |
| Item number | .M3 |
| 245 ## - TITLE STATEMENT | |
| Title | Art of editing. / |
| Statement of responsibility, etc. | Ms Meenu. |
| 260 ## - PUBLICATION, DISTRIBUTION, ETC. | |
| Place of publication, distribution, etc. | New Delhi: |
| Name of publisher, distributor, etc. | Murari lal & sons, |
| Date of publication, distribution, etc. | 2008. |
| 300 ## - PHYSICAL DESCRIPTION | |
| Extent | 248p.; |
| Dimensions | 22cm. |
| 500 ## - GENERAL NOTE | |
| General note | Include Index |
| 505 ## - FORMATTED CONTENTS NOTE | |
| Formatted contents note | Contents: Process of editing -- Duties of editor -- Traits of a reporter -- News Editor -- Rules for editing -- Editing techniques -- Sub- editing -- Process of printing -- Magazine writing and news casting -- Editing of news story -- Manuscripting editing -- Editing of conference proceddings -- Editing of journal. |
| 700 ## - ADDED ENTRY--PERSONAL NAME | |
| Personal name | Meenu Ms. |
| 942 ## - ADDED ENTRY ELEMENTS (KOHA) | |
| Source of classification or shelving scheme | Library of Congress Classification |
| Koha item type | Books |
| Withdrawn status | Lost status | Source of classification or shelving scheme | Damaged status | Not for loan | Home library | Current library | Shelving location | Date acquired | Total Checkouts | Full call number | Barcode | Date last seen | Copy number | Price effective from | Koha item type |
|---|---|---|---|---|---|---|---|---|---|---|---|---|---|---|---|
| Library of Congress Classification | WISCONSIN INTERNATIONAL UNIVERSITY COLLEGE, GHANA - MAIN LIBRARY | WISCONSIN INTERNATIONAL UNIVERSITY COLLEGE, GHANA - MAIN LIBRARY | Reference | 19/06/2014 | PN4778 .M3 | 7726/153/14 | 19/06/2014 | 1 | 19/06/2014 | Books | |||||
| Library of Congress Classification | WISCONSIN INTERNATIONAL UNIVERSITY COLLEGE, GHANA - MAIN LIBRARY | WISCONSIN INTERNATIONAL UNIVERSITY COLLEGE, GHANA - MAIN LIBRARY | Reference | 19/06/2014 | PN4778 .M3 | 7727/154/14 | 19/06/2014 | 2 | 19/06/2014 | Books |
